| 000 | 00741nam a2200277Ia 4500 | ||
|---|---|---|---|
| 008 | 171025s9999 xx 000 0 und d | ||
| 020 | _a9781594865671 | ||
| 050 | _a363.7 | ||
| 050 | _bG666 2006 | ||
| 100 | _aGore, Al | ||
| 245 | 3 | _aAn inconvenient truth : | |
| 245 | _bthe planetary emergency of global warming and what we can do about it / | ||
| 245 | _cAl Gore. | ||
| 260 | _aUSA : | ||
| 260 | _bRodale, | ||
| 260 | _c2006 | ||
| 300 | _a345 pages : | ||
| 300 | _billustrations ; | ||
| 300 | _c23cm. | ||
| 500 | _aWinner of the 2007 nobel peace prize. | ||
| 650 | _aGlobal warming -- | ||
| 650 | _aGlobal warming. | ||
| 650 | _aGreenhouse effect, Atmospheric. | ||
| 650 | _xGovernment policy. | ||
| 700 | _aTitle. | ||
| 999 |
_c344485 _d344485 |
||